Across the crossfire: (Record no. 156509)

MARC details
000 -LEADER
fixed length control field 00617nam a22001937a 4500
005 - DATE AND TIME OF LATEST TRANSACTION
control field 20180829103759.0
010 ## - LCCN (DPL NO)
LC control number ENG-123882
020 ## - INTERNATIONAL STANDARD BOOK NUMBER
Terms of availability 275.00
International Standard Book Number 9788188965205
035 ## - SYSTEM CONTROL NUMBER
System control number EN-107414
037 ## - SOURCE OF ACQUISITION
Source of stock number/acquisition DBAD/PUB
082 ## - DEWEY DECIMAL CLASSIFICATION NUMBER
Classification number 305.420954
245 ## - TITLE STATEMENT
Title Across the crossfire:
Statement of responsibility, etc ed. by Pamela Philipose [and] Aditi Bishnoi
Remainder of title women and conflict in India /
260 ## - PUBLICATION, DISTRIBUTION, ETC. (IMPRINT)
Date of publication, distribution, etc 2013
Place of publication, distribution, etc New Delhi
Name of publisher, distributor, etc Women Unlimited
270 ## - ADDRESS
Address K-36, Hauz Khas Enclave,
City New Delhi
Postal code 110016
300 ## - PHYSICAL DESCRIPTION
Dimensions 22cm(pbk.)
Extent xx,163p.
700 ## - ADDED ENTRY--PERSONAL NAME
Personal name Philipose, Pamela
700 ## - ADDED ENTRY--PERSONAL NAME
Personal name Bishnoi, Aditi
942 ## - ADDED ENTRY ELEMENTS (KOHA)
Item type English Books
Source of classification or shelving scheme Dewey Decimal Classification
Call number suffix ACR
Classification part 305.420954
Holdings
Withdrawn status Lost status Not for loan Collection code Home library Current library Date acquired Source of acquisition Cost, normal purchase price Full call number Barcode Copy number Cost, replacement price Koha item type
    Not For Loan Non-fiction D.B.Act.Division Bawana 28/08/2018 DBAD/PUB 275.00 305.420954 ACR EN-107414 1 275.00 English Books

© Delhi Public Library
Hit Counter
free hit counter